000
00225 a2200097 4500
001
43753
100
_a
Scott
245
_a
From paragraph to essay Part-I Part-II
260
_a
Cambridge
_b
Univ press
_c
090
_c
27515
_d
27515
942
_a
NUST-CAE
_c
M
_c
19464
999
_c
278826
_d
278826